Roman numerals. Give the numerical value. - Statistics

General Stats
  • This quiz has been taken 570 times
  • The average score is 9 of 15
Answer Stats
Clue Number Roman % Correct
First person singular pronoun 1 I
100%
Chemical symbol for vanadium 5 V
91%
Clothing size bigger than LARGE 40 XL
78%
Dos Equis 20 XX
74%
Chemical symbol for lithium 51 LI
74%
14th letter of the Greek alphabet 11 XI
69%
A copy has been sent to a third party 200 CC
55%
Combine or blend 1009 MIX
54%
Internet country code top-level domain for Mexico 1010 MX
51%
Chemical symbol for mendelevium 1500 MD
51%
William and Harry's mum 501 DI
50%
__ Hammer or Run-D__ 1100 MC
48%
First name of actresses Tyler and Ullmann 54 LIV
48%
Hanson song: ___Bop 3000 MMM
36%
U.S. Army Fort in New Jersey 509 DIX
23%
No matching quizzes found
Score Distribution
Percent of People with Each Score
Percentile by Number Answered
Your Score History
You have not taken this quiz